000 00958nam a22001935i 4500
001 164259
003 ES-MaACL
005 20230906212913.0
008 020306s1878 sp |||| | spa d
040 _aCAM
_bspa
_cCAM
100 1 _aSáenz Díez, Gustavo.
_9132269
245 1 0 _aCaridad y abnegación
_b: ensayo dramático en un acto y en verso /
_coriginal de Gustavo Saenz Diez y Angel de Larra.
260 _aMadrid :
_b[s.n.],
_c1878 (
_fImprenta de José Rodriguez)
300 _a33 p. ;
_c20 cm.
500 _aEn port.: Representado en el Liceo Cervantes el 15 de enero de 1878.
596 _aEn verso de la port. consta: "... Galería Lírico-Dramática, titulada El Teatro, de Alonso Gullon ..."
700 1 _aLarra, Angel de.
_970285
852 _aES-MaACL
_jF-8580(7)
_z-- Enc. pasta española
_z-- Dedicatoria ms. del autor a sus padres, 1878
_z-- Enc. en un vol. facticio formando parte de la col. facticia "Teatro español moderno", vol. 33
999 _c164259
_d164259